000 00318nam a2200133Ia 4500
008 191201s2004 xx 000 0 und d
082 _a677.84
_bPED
100 _aPELLOW, C E
245 0 _aDyes and Dyeing
260 _aN.Delhi
_bAbhishek Publications
_c2004
300 _a360
650 _aB.Tech(TE)
942 _2ddc
_cBK
999 _c2322
_d2322